Ethics in deaf education /

The information on ethics in education in general is quite limited. Indeed most practising teachers (general and special education) know little detail of existing codes of ethics for their profession, or whether one even exists. In the past, options for parents and professionals were fewer or non-ex...

Full description

Bibliographic Details
Other Authors: Beattie, Rodney Gordon, 1954-
Format: Book
Language:English
Published: San Diego, Calif. ; London : Academic, ©2001.
San Diego, Calif. : London : 2001.
Subjects:

MARC

Tag First Indicator Second Indicator Subfields
LEADER 00000cam a22000008a 4500
001 in00001656830
005 20151023095109.0
008 020715s2001 enk b 001 0 eng
010 |a  2001092472 
015 |a GBA245624  |2 bnb 
019 |a 47901450 
020 |a 0120835223 
029 1 |a AU@  |b 000022950364 
035 |a (OCoLC)50177527 
040 |a UKM  |b eng  |c UKM  |d KLG  |d TXA  |d IXA  |d COD  |d NGU  |d ZGM  |d OCLCQ  |d DLC  |d BAKER  |d NLGGC  |d YDXCP  |d UX0  |d OCLCG  |d SINLB  |d U9S  |d OCLCQ  |d TPH  |d OCLCQ  |d OCLCO  |d I8M  |d OCLCQ  |d CSA  |d CSJ  |d OCLCO  |d NJR  |d OCLCO  |d DHA  |d OCLCQ  |d OCLCO  |d OCLCQ  |d CCH  |d OCLCO  |d OCLCQ  |d OCLCO  |d CNO  |d OCLCQ  |d L2U  |d OCLCO  |d OCLCA  |d OTZ  |d OCLCO 
049 |a TXAM 
050 0 0 |a HV2430  |b .E84 2001 
082 0 4 |a 174.9371912  |2 21 
084 |a 80.27  |2 bcl 
090 |a HV2471  |b .E78 2001 
245 0 0 |a Ethics in deaf education /  |c edited by Rod G. Beattie. 
246 1 4 |a Ethics in deaf education, the first six years 
260 |a San Diego, Calif. ;  |a London :  |b Academic,  |c ©2001. 
264 1 |a San Diego, Calif. :  |a London :  |b Academic,  |c 2001. 
300 |a xxvii, 231 pages ;  |c 24 cm 
336 |a text  |b txt  |2 rdacontent 
337 |a unmediated  |b n  |2 rdamedia 
338 |a volume  |b nc  |2 rdacarrier 
504 |a Includes bibliographical references and index. 
505 0 |a Introduction and overview / Rod G. Beattie -- Ethical considerations in the demography of deafness / Jerome D. Schein -- Deafness, science, technology and ethics / Des Power -- Mother tongue/first language / Deena M. Martin, Michael Rodda and Susanne Martin -- Ethics of assessment / Eleanor Stewart and Kathryn Ritter -- Equality, excellence and parental choice in education of deaf and hard of hearing children in Israel : ethics and balancing individual, group and national agendas / Amatzia Weisel -- Educational placement / Wendy McCracken -- Curriculum considerations / Gregory R. Leigh -- Ethics and the preparation of teachers of the deaf / David A. Stewart -- Thoughts and projections / Rod G. Beattie. 
520 |a The information on ethics in education in general is quite limited. Indeed most practising teachers (general and special education) know little detail of existing codes of ethics for their profession, or whether one even exists. In the past, options for parents and professionals were fewer or non-existent in most aspects. Not that long ago, the choice of an educational program for many children was a "fait accompli" given that there was only one school for the deaf. Now, educational options exist for perhaps the majority of children with hearing losses--options that span the service range of residential schools to full integration. Further, within these educational settings, the language and method of instruction is also variable, spanning the range from auditory/verbal to bilingual-bicultural. Technological changes have also increased a range of tests for identifying the presence and degree of hearing loss at a very early age. Ethics in Deaf Education introduces and clarifies, in a structured manner, 
650 0 |a Deaf children  |x Education  |x Moral and ethical aspects. 
700 1 |a Beattie, Rodney Gordon,  |d 1954- 
938 |a Baker & Taylor  |b BKTY  |c 91.95  |d 91.95  |i 0120835223  |n 0003698192  |s active 
994 |a E0  |b TXA 
948 |a cataloged  |b h  |c 2001/11/28  |d c  |e jlanham  |f 1:13:03 pm 
999 |a MARS 
999 f f |s cf9dbdd6-bfa7-3848-9576-3ded838ffaac  |i 6215ca31-b9a1-3de1-9ae2-a610c713ca9b  |t 0 
952 f f |p ric  |a Texas A&M University  |b Rellis Campus  |c Joint Library Facility  |s JLF  |d Remote Storage  |t 0  |e HV2471 .E78 2001  |h Library of Congress classification  |i unmediated -- volume  |m A14828493397